| 000 | 01002nam0a2200253 4500 | ||
|---|---|---|---|
| 001 | RU\NLR\BIBL_A\011218776 | ||
| 005 | 20260406112125.0 | ||
| 035 | _a(NLR Aleph) 011218776 | ||
| 090 |
_a12012828 _c12012828 |
||
| 100 | _a20160926d1939 |||y0rusy50 ca | ||
| 101 | 0 | _ainh | |
| 102 | _aRU | ||
| 105 | _ac z 000 y | ||
| 200 | 1 |
_aВКП(б) XVIII съезде даь къамаьл _e1939 ш. 13 марта _fК. Е. Ворошилов |
|
| 210 |
_aШолж-ГIала _cНохчгIалгIпачхьалкхиздат _d1939 |
||
| 215 |
_a41, [2] с. _cпортр. _d20 |
||
| 541 | 1 |
_aРечь на XVIII съезде ВКП(б) _zrus |
|
| 601 | 1 | 2 |
_aКПСС _bСъезд _d18 _eМосква, город _f1939 _92414036 _3RU\NLR\AUTH\6601657121 |
| 686 | 1 | _aФ61(2)11 | |
| 700 | 1 |
_4070 _8rus _7ca _aВорошилов _bК. Е. _f1881-1969 _gКлимент Ефремович _3RU\NLR\AUTH\77126939 _9109863 |
|
| 852 |
_aNLR _bОНЛ _jИнгуш./3-119 |
||
| 942 | _cBOOK | ||
| 980 | _aNB | ||